000 00696cam a2200229 a 4500
001 000001533
003 DO-SdBNP
005 20250529114435.0
008 840105s1967 fr 000 0 fre
040 _aDO-SdBNP
_cCarP
_dDLC
082 _bM555m
100 1 _aMercier Vega, Louis,
_d1914-1977.
_95032
245 1 0 _aMecanismes du pouvoir en Amerique latine.
260 _aParis :
_bUniversitaires,
_c1967.
300 _a229 p. ;
_c21 cm.
650 0 _aClases sociales
_zAmérica Latina
_91062
651 4 _aAmérica Latina
_xPolítica y gobierno
_92618
651 4 _aAmérica Latina
_xCondiciones sociales
_95034
910 _aDC
910 _aCatalogación por copia / LC
942 _2ddc
_cLBS1
999 _c1436
_d1436